Normal view
MARC view
- Scardino,F.L.
Entry Personal Name
001 - CONTROL NUMBER
- control field: 1464
003 - CONTROL NUMBER IDENTIFIER
- control field: OSt
005 - DATE AND TIME OF LATEST TRANSACTION
- control field: 20171028123454.0
008 - FIXED-LENGTH DATA ELEMENTS
- fixed length control field: 171028|| aca||aabn | a|a d
040 ## - CATALOGING SOURCE
- Original cataloging agency: OSt
100 ## - HEADING--PERSONAL NAME
- Personal name: Scardino,F.L.
